banner-ar

التطور الاجتماعى / (Record no. 43482)

MARC details
000 -الفاتح
حقل البيانات ثابتة الطول 00647nam a2200217Ia 4500
008 - عناصر البيانات ثابتة الطول - معلومات عامة
حقل البيانات ثابتة الطول 140319s9999 xx 000 0 ara d
040 ## - مصدر الفهرسة
وكالة الفهرسة الأصلية GCL /
وكالة النسخ GCL
082 04 - رقم تصنيف ديوى العشرى
رقم التصنيف 301.2
رقم المادة ت ت
100 1# - المدخل الرئيسى - إسم شخصى
الإسم الشخصى كمال الكيلانى
245 10 - بيان العنوان
العنوان التطور الاجتماعى /
بيان المسئوليه,etc كمال الكيلانى
700 1# - المدخل الاضافى - اسم شخصى
الإسم الشخصى كمال الملاخ
700 1# - المدخل الاضافى - اسم شخصى
الإسم الشخصى لطفى فطيم (مترجم)
700 1# - المدخل الاضافى - اسم شخصى
الإسم الشخصى تشايلد، جوردون
300 ## - الوصف المادى
التعداد 208 ص
490 ## - بيان السلسلة
عنوان السلسلة الالف كتاب
رقم المجلد/ التعيين التسلسلي 0
650 04 - المدخل الاضافى بالموضوع-مصطلح موضوعى
مصطلح موضوعي الانثربولوجيا
650 04 - المدخل الاضافى بالموضوع-مصطلح موضوعى
مصطلح موضوعي الاجتماع الحضرى
650 04 - المدخل الاضافى بالموضوع-مصطلح موضوعى
مصطلح موضوعي الانثوجرافيا
942 ## - عناصر المدخل الإضافي( كوها)
مصدر التصنيف او مخطط الترفيف Dewey Decimal Classification
Koha [default] item type كتاب
Holdings
حالة التراجع حالة الفقد حالة تلف ليس للاعارة المكان المؤقت الموقع الحالى تاريخ الاكتساب اجمالي اﻻعارات رقم الطلب الباركود تاريخ اخر مشاهدة تاريخ تفعيل السعر نوع وعاء كوها
        مكتبة القاهرة الكبرى مكتبة القاهرة الكبرى 03/26/2014   301.2\ت ت 105269 03/26/2014 03/26/2014 كتاب

Powered By

EGPV